000 00858cam a2200289 4500
008 090401t1996 xxu||||| |||| 00| 0 eng d
020 _a1874797714
035 _a(Sirsi) u3463
041 _aeng
050 _a306.13
100 _aBevan, Mark
245 _aPrivate landlords and housing benefit : research report.
260 _aYork
_bUniversity of York Centre for Housing Po
_c1996
300 _av,88p. ; 24cm.
350 _a10
650 _aHOUSING BENEFIT
650 _aPRIVATE RENTING SECTOR
650 _aRENTS
650 _aRESIDENTIAL PROPERTY
_96266
690 _aPROPERTY-RESIDENTIAL PROPERTY-RESIDENTIAL LANDLORD AND TENANT-RESIDENTIAL TENANCIES
700 _aKemp, Peter A.
700 _aRhodes, David
710 _aCentre for Housing Policy
_92321
710 _aUniversity of York
_9539
942 _n0
948 _c04/03/1997
999 _c85885
_d85885